000 00643nam a2200193 i 4500
001 72072
003 ES-MaACL
005 20230906171321.0
007 t|
008 040825s1981 sp ||||1| spa d
100 1 _aGil Pérez, Daniel.
_956860
245 1 0 _aEvolución de la idea de materia
_b: (un hilo conductor para el estudio de la física) /
_cDaniel Gil Pérez.
260 _aValencia :
_bInstituto de Ciencias de la Educación,
_c[1981]
300 _a110 p. ;
_c19 cm.
490 1 _aInvestigaciones didácticas
830 0 _aInvestigaciones didácticas
_9231101
852 _aES-MaACL
_jL-2126
_bR.102632
999 _c72072
_d72072